Statistics for Founding Members of the European Union

Click here to take the quiz!

General Stats

  • This quiz has been taken 62 times
    (49 since last reset)
  • The average score is 5 of 6

Answer Stats

country% Correct
France
100%
Italy
98%
Belgium
95%
Netherlands
93%
Luxembourg
91%
West Germany
55%

Score Distribution

Percentile by Number Answered

Percent of People with Each Score

Your Score History

You have not taken this quiz since the last reset